Random Things with more specific clues - Statistics

General Stats
  • This quiz has been taken 20 times
  • The average score is 5 of 7
Answer Stats
Hint Answer % Correct
In one of the Americas Correct but not right
100%
Has white on the flag Correct but not right
86%
Most popular languages: Spanish and English Correct but not right
86%
In North America Correct but not right
86%
<100,000 kilometers^2 Correct but not right
71%
Has a z in its name Belize
57%
Borders Guatemala Correct but not right
57%
No matching quizzes found
Score Distribution
Percent of People with Each Score
Percentile by Number Answered
Your Score History
You have not taken this quiz